| 000 | 01550 a2200277 4500 | ||
|---|---|---|---|
| 003 | Nust | ||
| 005 | 20221124125758.0 | ||
| 010 | _a 2004559773 | ||
| 020 | _a0071403272 | ||
| 035 | _a(OCoLC)ocm51966345 | ||
| 040 | _cNust | ||
| 082 | 0 | 0 | _a516.24, AYR |
| 100 | 1 |
_aAyres, Frank, _98744 |
|
| 245 | 1 | 0 |
_aSchaum's outline of theory and problems of plane and Spherical Trigonometry _cFrank Ayres, Jr., Lloyd R. Jaisingh. |
| 246 | _aAbstract algebra | ||
| 246 | _atheory and problems of abstract algebra | ||
| 260 |
_aNew York : _bMcGraw-Hill, _c1954 |
||
| 300 |
_axiii, 206 p. : _bill. ; _c28 cm. |
||
| 490 | 0 | _aSchaum's outline series | |
| 505 | _aAngles And Arc Length (Page-1), Trigonometric Functions Of A General Angle (Page-8), Practical Applications (Page-32), Logarithms (Page-41), Logarithmic Solution Of Right Triangles (Page-49), Fundamental Relations And Identities (Page-68), Trigonometric Functions Of Two Angles (Page-74), Inverse Trigonometric Functions (Page-118), Trigonometric Equations (Page-125), Complex Numbers (Page-134), Topics From Solid Geometry (Page-146), Right Spherical Triangles (Page-155), Oblique Spherical Triangles (Page-168), Course And Distance (Page-188), The Celestial Sphere (Page-199). | ||
| 650 | 0 | _aAlgebra, Abstract. | |
| 700 | 1 |
_aJaisingh, Lloyd R. _9102526 |
|
| 856 | 4 | 2 |
_3Contributor biographical information _uhttp://www.loc.gov/catdir/enhancements/fy0621/2004559773-b.html |
| 856 | 4 | 2 |
_3Publisher description _uhttp://www.loc.gov/catdir/enhancements/fy0621/2004559773-d.html |
| 942 |
_2ddc _cBK |
||
| 999 |
_c181034 _d181034 |
||